Abbas II, Khédive d'Égypte et Nubar Pacha : stratégies d'écriture de leurs Mémoires /

محفوظ في:

المؤلف الرئيسي: Aly, Rania (مؤلف)

التنسيق: كتاب

اللغة: French

منشور في: Paris : L'Harmattan, c2014.

سلاسل: Comprendre le Moyen-Orient.

الموضوعات:

الوسوم: إضافة وسم

لا توجد وسوم, كن أول من يضع وسما على هذه التسجيلة!

رقم الطلب: DT107 .A64

LEADER 01025nam a22002897a 4500
003 OSt
005 20260405110015.0
008 260405t2014 fr g b 001 0 fre d
020 |a 9782343044613 
040 |c ARCE Library 
043 |a f-ua--- 
050 1 4 |a DT107  |b .A64 
100 1 |a Aly, Rania,  |e author 
245 1 0 |a Abbas II, Khédive d'Égypte et Nubar Pacha :   |b stratégies d'écriture de leurs Mémoires /   |c Rania Aly. 
264 1 |a Paris :   |b L'Harmattan,   |c c2014. 
300 |a 272 pages ;   |c 24 cm. 
490 0 |a Comprendre le Moyen-Orient. 
500 |a OCLC 906261213 
504 |a Includes bibliographical references and index. 
600 0 0 |a ʻAbbās  |b II,  |c Khedive of Egypt,  |d 1874-1944.  |t Mémoires d'un souverain. 
600 0 0 |a Nubar Pasha,  |d 1825-1899.  |t Mémoires de Nubar Pacha.  |9 36990 
650 0 |a Autobiographies  |x History and criticism.  |9 11895 
650 0 |a Autobiography.  |9 2190 
651 0 |a Egypt  |x Politics and government  |x Sources  |y 1882-1952. 
901 |a reviewed 
942 |c BK  |2 lcc 
999 |c 22190  |d 22190